000 00296nam a22001337a 4500
008 170927b xxu||||| |||| 00| 0 eng d
020 _a9780618000425
041 _aeng
080 _a37
100 _a46
101 _aEDU
245 _aTEACHING ONLINE A PRACTICAL GUIDE
_cKO,S
942 _2udc
_cBK
999 _c30106
_d30106